000 00428pab a2200157 454500
008 180718b2008 xxu||||| |||| 00| 0 eng d
100 _aLee, Yoonsoo
245 _aGeographic redistribution of US manufacturing and the role of state development policy
260 _c2008
300 _ap.436-50.
362 _aSep
650 _aManufacturing industry
773 _aJournal of Urban Economics
908 _aN
909 _a81130
999 _c81130
_d81130